Hoy Es Ese Día - Lionware, Funzo & Baby Loud - Estadísticas

Estadísticas generales
  • Esta prueba ha sido intentada 2.615 veces
    2.554 desde el último reinicio
  • La puntuación promedio es 235 de 457
Estadísticas de respuestas
Letra % Correcto
a
100%
88%
mi
88%
de
81%
día
81%
es
81%
ese
81%
Hoy
81%
que
81%
Que
81%
te
81%
el
75%
en
75%
lo
75%
si
75%
75%
75%
tu
75%
Y
75%
y
75%
acuerdas
69%
la
69%
No
69%
no
69%
como
63%
yo
63%
cuando
56%
Cuando
56%
donde
56%
las
56%
los
56%
me
56%
Me
56%
pa'
56%
quiero
56%
al
50%
con
50%
mis
50%
sin
50%
amor
44%
besar
44%
contigo
44%
espera
44%
hay
44%
llega
44%
noche
44%
nunca
44%
44%
un
44%
una
44%
ahora
38%
animal
38%
aparezca
38%
bar
38%
bebiendo
38%
beso
38%
boca
38%
cabeza
38%
cada
38%
contra
38%
del
38%
dentro
38%
diablo
38%
disparo
38%
duele
38%
esperar
38%
esquina
38%
estoy
38%
hasta
38%
homicida
38%
incorrecta
38%
infierno
38%
labios
38%
miran
38%
niña
38%
perder
38%
pero
38%
pienso
38%
pinchan
38%
pongo
38%
porque
38%
rabiar
38%
sabes
38%
Supongo
38%
todo
38%
venas
38%
vida
38%
aquí
31%
barquero
31%
bonita
31%
brazo
31%
dejes
31%
dije
31%
esa
31%
fieras
31%
gusta
31%
hacerte
31%
huir
31%
le
31%
llaman
31%
llevar
31%
llueve
31%
lucharé
31%
poder
31%
puedes
31%
salir
31%
sombras
31%
tengo
31%
vas
31%
voy
31%
ya
31%
aquel
25%
aunque
25%
baraja
25%
calle
25%
cambie
25%
conocer
25%
corazón
25%
corazones
25%
dejaba
25%
diría
25%
dos
25%
entero
25%
Éramos
25%
escribirte
25%
esperando
25%
Esta
25%
estamos
25%
fallaré
25%
irás
25%
Liga
25%
malos
25%
marchar
25%
más
25%
medias
25%
minifalda
25%
morir
25%
nuevo
25%
poco
25%
podría
25%
póker
25%
provocar
25%
quedé
25%
ratatata
25%
real
25%
revés
25%
saber
25%
sigo
25%
Sigo
25%
sigue
25%
solo
25%
sonrisa
25%
suerte
25%
tiempo
25%
tréboles
25%
universo
25%
versos
25%
vez
25%
algo
19%
amarse
19%
chulería
19%
Creo
19%
Cualquiera
19%
despierto
19%
follarás
19%
follen
19%
for
19%
hablando
19%
is
19%
juré
19%
llenas
19%
llueva
19%
loco
19%
mía
19%
momento
19%
niños
19%
obvio
19%
pase
19%
quité
19%
rato
19%
recuerda
19%
rockstar
19%
saben
19%
salón
19%
shit
19%
Sueño
19%
tumbado
19%
vuelvo
19%
alcohol
13%
alegría
13%
haya
13%
lleno
13%
low
13%
mejor
13%
olvidado
13%
poquito
13%
recordaré
13%
tinta
13%
vacilona
13%
vacío
13%
vaya
13%
brazos
6%
felling
6%
lay
6%
Not
6%
ratos
6%
to's
0%
No se encontraron pruebas coincidentes
Distribución de puntuación
Porcentaje de gente con cada puntuación
Porcentaje por número respondido
Historial de tus puntuaciones
No has intentado esta prueba desde el último reinicio